| 000 | 00577cab a22002055a 4500 | ||
|---|---|---|---|
| 001 | L157956 | ||
| 008 | 130830e20130824xxk 000 0 eng d | ||
| 035 | _a(Sirsi) u157956 | ||
| 041 | 0 | _aeng | |
| 100 | 1 | _aWaltham, Anne | |
| 245 | 0 | 0 | _aEmpty promises |
| 260 | _c2013 | ||
| 490 |
_aEstates Gazette _v(1324) 24 August 2013, 44-46(3) |
||
| 520 | _aConsiders significant cases regarding what vacant possession means in practice. | ||
| 590 | _aKA | ||
| 651 | 4 |
_aEngland and Wales _y1543- |
|
| 690 |
_aLandlord and tenant _96252 |
||
| 700 | 1 | _aDowding, Nicholas | |
| 942 | _n0 | ||
| 999 |
_c84509 _d84509 |
||